Online
Catalog

Billetes de Colombia : (Record no. 1322)

MARC details
000 -CABECERA
campo de control de longitud fija 00873cam a2200229 a 4500
001 - NÚMERO DE CONTROL
campo de control 000001401
005 - FECHA Y HORA DE LA ÚLTIMA TRANSACCIÓN
campo de control 20200929145552.0
008 - DATOS DE LONGITUD FIJA--INFORMACIÓN GENERAL
campo de control de longitud fija 061214s2006 ck a b f001 0 spa d
020 ## - NÚMERO INTERNACIONAL ESTÁNDAR DEL LIBRO
Número Internacional Estándar del Libro 9586641759
040 ## - FUENTE DE LA CATALOGACIÓN
Centro catalogador/agencia de origen DO-SdBNP
Lengua de catalogación spa
Centro/agencia transcriptor BNPHU
082 ## - NÚMERO DE LA CLASIFICACIÓN DECIMAL DEWEY
Número de clasificación 686.288
Número de documento/Ítem H493b
100 1# - ENTRADA PRINCIPAL--NOMBRE DE PERSONA
Nombre de persona Henao Jaramillo, Ignacio Alberto.
9 (RLIN) 4690
245 10 - MENCIÓN DE TÍTULO
Título Billetes de Colombia :
Resto del título época del Banco de la República, 1923-2006 /
Mención de responsabilidad, etc. Ignacio Alberto Henao Jaramillo.
260 ## - PUBLICACIÓN, DISTRIBUCIÓN, ETC.
Lugar de publicación, distribución, etc. Bogotá, (Colombia) :
Nombre del editor, distribuidor, etc. Banco de la República,
Fecha de publicación, distribución, etc. 2006.
300 ## - DESCRIPCIÓN FÍSICA
Extensión 223 p. :
Otras características físicas il. ;
Dimensiones 35 cm.
504 ## - NOTA DE BIBLIOGRAFÍA, ETC.
Nota de bibliografía, etc. Incluye referencias bibliográficas (p. 223).
650 #4 - PUNTO DE ACCESO ADICIONAL DE MATERIA--TÉRMINO DE MATERIA
Término de materia o nombre geográfico como elemento de entrada Billetes de banco
Subdivisión geográfica Colombia
Subdivisión cronológica 1923-2006
9 (RLIN) 4691
650 #4 - PUNTO DE ACCESO ADICIONAL DE MATERIA--TÉRMINO DE MATERIA
Término de materia o nombre geográfico como elemento de entrada Papel moneda
Subdivisión geográfica Colombia
9 (RLIN) 4692
650 #4 - PUNTO DE ACCESO ADICIONAL DE MATERIA--TÉRMINO DE MATERIA
Término de materia o nombre geográfico como elemento de entrada Numismática
9 (RLIN) 4693
650 #4 - PUNTO DE ACCESO ADICIONAL DE MATERIA--TÉRMINO DE MATERIA
Término de materia o nombre geográfico como elemento de entrada Banco de la república (bogotá)
Subdivisión general Historia
Subdivisión cronológica 1923-2006
9 (RLIN) 4694
710 2# - PUNTO DE ACCESO ADICIONAL--NOMBRE DE ENTIDAD CORPORATIVA
Nombre de entidad corporativa o nombre de jurisdicción como elemento de entrada Banco de la Republica (Colombia)
9 (RLIN) 4695
Holdings
Estado de retiro Estado de pérdida Restricciones de uso No para préstamo Código de colección Localización permanente Ubicación/localización actual Ubicación en estantería Fecha de adquisición Número de inventario Total de préstamos Signatura topográfica completa Código de barras Fecha visto por última vez Precio válido a partir de Tipo de ítem Koha Número de copia
      Excluido de préstamo Monografías: Libros y Folletos General General Depósito 22.09.2009 LF1   686.288 H493b 1401-10 25.06.2020 25.06.2020 No se presta  
  Extraviado   Excluido de préstamo Monografías: Libros y Folletos General General Extraviado 22.05.2017 LF1   686.288 H493b 1401-20 25.06.2020 25.06.2020 No se presta e. 2

Powered by Koha